[Event "Politiken Cup"]
[Site "Copenhagen DEN"]
[Date "2005.07.17"]
[Round "3"]
[White "Struch,T"]
[Black "Chandler,M"]
[Result "1/2-1/2"]
[WhiteElo "2083"]
[BlackElo "2542"]

1.e4 c5 2.c3 Nf6 3.e5 Nd5 4.d4 cxd4 5.cxd4 d6 6.Nf3 e6 7.Bc4 Nc6 8.O-O Be7
9.Qe2 O-O 10.Qe4 Bd7 11.Bd3 f5 12.exf6 Nxf6 13.Qe2 Qa5 14.Bc4 d5 15.Bd3 Bd6
16.Nc3 Rae8 17.Qd1 e5 18.dxe5 Nxe5 19.Nxe5 Bxe5 20.Qb3 Ng4 21.Qxd5+ Qxd5
22.Nxd5 Nxh2 23.Rd1 Ng4 24.Be3 Nxe3 25.Nxe3 Bc6 26.Rab1 Kh8 27.Bc4 Be4 28.Bd3 Bc6
29.Bc4 Bf4 30.Nd5 Bb8 31.Ne3 Bf4 32.Nd5 Bd6 33.Nc3 Bc5 34.Rd2 a6 35.Bd5 Bxd5
36.Nxd5 Kg8 37.Rbd1 Rf7 38.Nc3 Kf8 39.g3 g6 40.Kg2 Bb4 41.Rd7 Bxc3 42.Rxf7+ Kxf7
43.bxc3 Re7 44.f4 Rc7 45.Rd3 Ke6 46.Kf3 Rc4 47.Kg4 Rc5 48.Re3+ Kf6 49.Rd3 Ke6
50.Re3+ Kf6 51.Rd3  1/2-1/2

[Event "Open"]
[Site "Ghent BEL"]
[Date "2005.07.17"]
[Round "4"]
[White "Lee,G"]
[Black "Ikonnikov,Vy"]
[Result "0-1"]
[WhiteElo "2283"]
[BlackElo "2560"]

1.e4 c5 2.c3 Nf6 3.e5 Nd5 4.d4 cxd4 5.Nf3 e6 6.cxd4 d6 7.a3 Bd7 8.Bd3 Bc6
9.O-O Nd7 10.b4 a6 11.Bd2 dxe5 12.dxe5 Qc7 13.Qe2 g6 14.Re1 Bg7 15.Ra2 O-O
16.Rc2 Qb8 17.h4 Ne7 18.Bg5 Bxf3 19.Qxf3 Nc6 20.Qh3 Ndxe5 21.Bf4 Nd4 22.Qg3 Nxd3
23.Bxb8 Nxe1 24.Rd2 Raxb8 25.Kf1 Nec2 26.Qd3 Rbc8  0-1

[Event "ACT Open"]
[Site "Amsterdam NED"]
[Date "2005.07.18"]
[Round "3"]
[White "Spence,D"]
[Black "Koster,R"]
[Result "0-1"]
[WhiteElo "2218"]
[BlackElo "2335"]

1.e4 c5 2.c3 Nf6 3.e5 Nd5 4.d4 cxd4 5.Nf3 e6 6.cxd4 d6 7.Bc4 Be7 8.O-O O-O
9.Qe2 dxe5 10.dxe5 Bd7 11.Rd1 Bc6 12.Nd4 Nd7 13.Nxc6 bxc6 14.Nc3 Qc7 15.f4 Rab8
16.Kh1 Rfd8 17.Ne4 Nc5 18.Nxc5 Bxc5 19.a3 a5 20.Bd3 g6 21.Rf1 Bd4 22.Rf3 c5
23.Rh3 Bxb2 24.Bxb2 Nxf4 25.Qc2 Nxh3  0-1

[Event "Politiken Cup"]
[Site "Copenhagen DEN"]
[Date "2005.07.18"]
[Round "4"]
[White "Bae,T"]
[Black "Kurnosov,I"]
[Result "0-1"]
[WhiteElo "2316"]
[BlackElo "2549"]

1.e4 c5 2.c3 Nf6 3.e5 Nd5 4.d4 cxd4 5.Nf3 e6 6.cxd4 d6 7.Bc4 Nc6 8.O-O Be7
9.Qe2 O-O 10.Nc3 dxe5 11.dxe5 Nxc3 12.bxc3 Qa5 13.Qe4 Rd8 14.Bg5 h6 15.Bxe7 Nxe7
16.Rad1 Bd7 17.Qxb7 Rab8 18.Qa6 Qxa6 19.Bxa6 Nd5 20.Rd3 Ba4 21.Bc4 Bc2 22.Rd2 Be4
23.Rc1 Rdc8 24.Bxd5 Rxc3 25.Ra1 Bxd5 26.Nd4 Rb4 27.h3 g5 28.a3 Ra4 29.Rb1 Rcxa3
30.Rb8+ Kh7 31.Rf8 Kg7 32.Rd8 Ra1+ 33.Kh2 R1a2 34.Nf5+ Kh7 35.Rxa2 Rxa2 36.Ne7 Bb7
37.Rd7 Be4 38.Rd4 Re2 39.Kg3 h5 40.h4 gxh4+ 41.Kxh4 Bxg2 42.Kg3 Re4 43.Rd7 Rg4+
44.Kh2 Be4 45.Nc8 Rg2+ 46.Kh3 Rxf2 47.Nd6 Bg6  0-1

[Event "Open"]
[Site "Ghent BEL"]
[Date "2005.07.18"]
[Round "5"]
[White "Seger,R"]
[Black "Michiels,R"]
[Result "1-0"]
[WhiteElo "2413"]
[BlackElo "2264"]

1.e4 c5 2.c3 Nf6 3.e5 Nd5 4.Nf3 Nc6 5.Bc4 Nb6 6.Bb3 d5 7.exd6 Qxd6 8.Na3 a6
9.O-O g6 10.Ng5 Nd8 11.Qf3 f6 12.Ne4 Qc6 13.Qe2 Bf5 14.d3 Bg7 15.Re1 e5 16.f4 Bxe4
17.Qxe4 Qxe4 18.Rxe4 Nc6 19.fxe5 f5 20.Re2 O-O-O 21.Bg5 Rxd3 22.e6 Ne5 23.Bf4 Nc6
24.e7 Kd7 25.Rae1 Re8 26.Be6+  1-0

[Event "ACT Open"]
[Site "Amsterdam NED"]
[Date "2005.07.19"]
[Round "4"]
[White "Bellini,F"]
[Black "Vrenegoor,T"]
[Result "1-0"]
[WhiteElo "2501"]
[BlackElo "2349"]

1.e4 c5 2.c3 Nf6 3.e5 Nd5 4.d4 cxd4 5.Nf3 e6 6.cxd4 b6 7.Bd3 Bb4+ 8.Bd2 Bxd2+
9.Qxd2 Ba6 10.Be4 Nc6 11.Bxd5 exd5 12.Nc3 Nb4 13.Nb5 Nc2+ 14.Qxc2 Bxb5 15.Qb3 Bc4
16.Qa3 Qe7 17.Qxe7+ Kxe7 18.Kd2 a5 19.b3 Bb5 20.a3 a4 21.b4 Rac8 22.Rac1 Rxc1
23.Rxc1 Bc4 24.Ke3 b5 25.h4 f6 26.h5 d6 27.exf6+ Kxf6 28.Kf4 Re8 29.Re1 Be2
30.Kg3 Kf5 31.Nh4+ Kg5 32.f4+ Kf6 33.Nf3 Re7 34.Kf2 Bd3 35.Rxe7 Kxe7 36.Ke3 Bf5
37.Nh2 Kf6 38.g4 Bc2 39.Kf3 Bd1+ 40.Kg3 Be2 41.Nf3 Bd3 42.Nh4 Bc2 43.Ng2 Be4
44.Ne3 g5 45.hxg6 hxg6 46.Nd1 Bd3 47.Nc3 Bc4 48.Kh4  1-0

[Event "Politiken Cup"]
[Site "Copenhagen DEN"]
[Date "2005.07.19"]
[Round "5"]
[White "Struch,T"]
[Black "Rosenkilde,A"]
[Result "1-0"]
[WhiteElo "2083"]
[BlackElo "2017"]

1.e4 c5 2.c3 Nf6 3.e5 Nd5 4.d4 cxd4 5.cxd4 d6 6.Nf3 e6 7.Bc4 Nb6 8.Bd3 Nc6
9.a3 Be7 10.Nc3 Nd5 11.Nxd5 exd5 12.h3 dxe5 13.dxe5 O-O 14.O-O Be6 15.Re1 Rc8
16.Bb1 Re8 17.Qd3 g6 18.Bh6 Qb6 19.Qd2 Na5 20.Ba2 Nc4 21.Qf4 Nxb2 22.Rab1 Rc2
23.Nd4 Nd3 24.Rxb6 Nxf4 25.Nxc2 Nxh3+ 26.gxh3 axb6 27.Nb4 Rd8 28.Rd1 Bxh3
29.Nxd5 Rd7 30.Nxe7+  1-0

[Event "ACT Open"]
[Site "Amsterdam NED"]
[Date "2005.07.22"]
[Round "7"]
[White "Lyell,Ma"]
[Black "Van Beek,A"]
[Result "0-1"]
[WhiteElo "2194"]
[BlackElo "2312"]

1.e4 c5 2.c3 Nf6 3.e5 Nd5 4.d4 cxd4 5.Nf3 e6 6.cxd4 d6 7.a3 Bd7 8.Bd3 Bc6
9.O-O Nd7 10.b4 a6 11.Re1 dxe5 12.dxe5 N7b6 13.Nd4 Ba4 14.Qg4 Qd7 15.Bb2 g6
16.Nd2 O-O-O 17.Ne4 Kb8 18.Rac1 Nc8 19.g3 Na7 20.Qe2 Nb5 21.Bxb5 Bxb5 22.Nxb5 Qxb5
23.Qf3 Rd7 24.Nf6 Nxf6 25.Qxf6 Rg8 26.Qh4 h5 27.Bd4 Be7 28.Qf4 Rgd8 29.Be3 Bf8
30.Qc4 Qxc4 31.Rxc4 Rd1 32.Rxd1 Rxd1+ 33.Kg2 Rd7 34.Bb6 Be7 35.Kf3 Rd3+ 36.Ke2 Rxa3
37.Rf4 Rb3 38.Rxf7 Rxb4 39.Bc7+ Kxc7 40.Rxe7+ Kd8 41.Rxe6 a5 42.Kd3 g5 43.Rh6 h4
44.gxh4 Rxh4 45.Rd6+ Ke7 46.Rg6 Rg4 47.Rb6 Rb4 48.Rg6 g4 49.Kc3 b5 50.Ra6 Rc4+
51.Kd3 a4 52.Rb6 a3 53.Rxb5 Ra4 54.Rb1 a2 55.Ra1 Ke6 56.Ke2 Ra3 57.f4 gxf3+
58.Kf2 Kxe5 59.Re1+  0-1

[Event "WYg18"]
[Site "Belfort FRA"]
[Date "2005.07.22"]
[Round "4"]
[White "Schneider,Ve"]
[Black "Bolon,K"]
[Result "0-1"]
[WhiteElo "2215"]
[BlackElo "2064"]

1.e4 c5 2.c3 Nf6 3.e5 Nd5 4.Nf3 Nc6 5.d4 cxd4 6.cxd4 d6 7.Bc4 dxe5 8.Nxe5 e6
9.O-O Be7 10.Qg4 O-O 11.Bh6 Bf6 12.Nxc6 bxc6 13.Be3 Nxe3 14.fxe3 e5 15.Qe4 exd4
16.Bd3 g6 17.Qxc6 dxe3 18.Qxf6 Qxd3 19.Nc3 Bb7 20.Rad1 Qa6 21.Qxa6 Bxa6 22.Rf3 e2
23.Re1 Rfe8 24.Rf6 Bc4 25.Rc6 Bd3 26.Rd6 Rad8 27.Rxd8 Rxd8 28.Nxe2 Bf5 29.Nc3 Be6
30.a3 a5 31.Re5 Ra8 32.Kf2 Rb8 33.Re2 Kg7 34.Rd2 g5 35.Ne4 Kg6 36.Nc5 h5
37.Nxe6 fxe6 38.Ke3 Kf5 39.Rc2 a4 40.Ke2 e5 41.Rd2 h4 42.Kd1 e4 43.Ke2 Rb3
44.Rd5+ Kf4 45.Rd2 g4 46.Rc2 Re3+ 47.Kf2 Rb3 48.Ke2 Ke5 49.Rd2 e3 50.Rc2 Kd4
51.h3 g3 52.Kd1 Rb5 53.Ke1 Rf5 54.Rc8 Rf2 55.Rd8+ Ke4 56.Re8+ Kd3 57.Rd8+ Kc2
58.Rc8+ Kxb2 59.Re8 e2 60.Re3 Rxg2 61.Kd2 Rh2 62.Re4 g2 63.Rg4 Rh1  0-1

[Event "Iranian Super League"]
[Site "Iran IRI"]
[Date "2005.07.22"]
[Round "7"]
[White "Paridar,S"]
[Black "Kotanjian,T"]
[Result "1-0"]
[WhiteElo "2263"]
[BlackElo "2443"]

1.e4 c5 2.c3 Nf6 3.e5 Nd5 4.d4 cxd4 5.Nf3 Nc6 6.cxd4 d6 7.Bc4 Nb6 8.Bb5 d5
9.Nh4 e6 10.Qg4 Bd7 11.Nc3 h5 12.Qf4 Nb4 13.O-O Bxb5 14.Nxb5 a6 15.Nd6+ Bxd6
16.exd6 Qf6 17.Qg3 Nc2 18.Bg5 Qxd4 19.Rac1 Rc8 20.Be7 Nb4 21.d7+ Kxe7 22.dxc8=Q Rxc8
23.Rxc8 Nxc8 24.Qc7+ Kf6 25.Qxc8  1-0

[Event "Open A"]
[Site "Pardubice CZE"]
[Date "2005.07.22"]
[Round "1"]
[White "Weber,T"]
[Black "Henrichs,T"]
[Result "0-1"]
[WhiteElo "2235"]
[BlackElo "2413"]

1.e4 c5 2.c3 Nf6 3.e5 Nd5 4.d4 cxd4 5.Nf3 e6 6.cxd4 d6 7.Bc4 Nb6 8.Bb3 dxe5
9.Nxe5 Nc6 10.Nxc6 bxc6 11.O-O Be7 12.Nc3 O-O 13.Qf3 Qxd4 14.Qxc6 Rb8 15.Be3 Qb4
16.Qe4 a5 17.Qxb4 axb4 18.Ne4 Bb7 19.Nc5 Bc6 20.Rfc1 Bb5 21.a4 bxa3 22.bxa3 Rfc8
23.a4 Bxc5 24.Bxc5 Bxa4 25.Bxb6 Rxc1+ 26.Rxc1 Bxb3 27.f3 f6 28.Be3 Bd5 29.Rc2 Rb7
30.Kf2 Kf7 31.Rd2 g5 32.h3 h5 33.Rd4 Rb5 34.Kg3 e5 35.Rd2 h4+ 36.Kf2 Ke6
37.Rc2 Rb1 38.Bc1 Bb3 39.Rb2 Rxc1 40.Rxb3 Rc2+ 41.Kf1 Kf5 42.Rb4 Rd2 43.Ra4 Rd4
44.Ra2 Kf4 45.Kf2 f5 46.Rb2 e4 47.fxe4 fxe4 48.Rb5 Rd2+ 49.Kg1 g4 50.hxg4 Kg3
51.Rb3+ Rd3 52.Rb1 e3 53.Kf1 Rd2 54.Rb3 Rf2+ 55.Ke1 Kxg2 56.Rxe3 Rf1+ 57.Ke2 Rf4  0-1

[Event "Open A"]
[Site "Pardubice CZE"]
[Date "2005.07.22"]
[Round "1"]
[White "Skytte,R"]
[Black "Mueller,Fa"]
[Result "1-0"]
[WhiteElo "2399"]
[BlackElo "2229"]

1.e4 c5 2.c3 Nf6 3.e5 Nd5 4.d4 cxd4 5.Nf3 e6 6.cxd4 b6 7.Bd3 Bb7 8.O-O d6
9.Nc3 Nxc3 10.bxc3 Qc7 11.Bf4 Nd7 12.Re1 dxe5 13.Nxe5 Nxe5 14.Bxe5 Bd6 15.Bb5+ Bc6
16.Bxc6+ Qxc6 17.d5 Qc7 18.dxe6 O-O-O 19.Bxd6 Qxd6 20.Qa4 Qe7 21.c4 Kb8 22.c5 fxe6
23.cxb6 axb6 24.Qb3 Rd6 25.a4 Rc8 26.a5 Rcc6 27.Reb1 Qc7 28.g3 h6 29.Qa4 Qa7
30.Qf4 Qe7 31.axb6 e5 32.Qe4 Rf6 33.b7 Ra6 34.Qc4  1-0

[Event "Open A"]
[Site "Pardubice CZE"]
[Date "2005.07.22"]
[Round "1"]
[White "Bataev,R"]
[Black "Zakhartsov,V"]
[Result "0-1"]
[WhiteElo "2318"]
[BlackElo "2534"]

1.e4 c5 2.c3 Nf6 3.e5 Nd5 4.d4 cxd4 5.Nf3 e6 6.cxd4 b6 7.Bd3 Ba6 8.O-O Be7
9.Nc3 Nxc3 10.bxc3 Bxd3 11.Qxd3 d5 12.exd6 Bxd6 13.d5 Be7 14.Qb5+ Qd7 15.Qxd7+ Nxd7
16.dxe6 fxe6 17.Re1 Kf7 18.Bg5 Bf6 19.Rad1 Rhd8 20.Bxf6 gxf6 21.Rd4 e5 22.Rh4 Nf8
23.g4 Rd3 24.Rh3 Kg7 25.g5 Rc8 26.Rg3 Ng6 27.gxf6+ Kxf6 28.Kf1 Rcxc3 29.Ng5 Rxg3
30.Ne4+ Kf5 31.hxg3 Rc2 32.a3 Ne7 33.Nd6+ Ke6 34.Nb5 Rc5 35.a4 a6 36.Nd4+ Kd5
37.Nf3 Nc6 38.Rb1 b5 39.axb5 axb5 40.g4 Nd4 41.Nxd4 exd4 42.Ke2 Rc2+ 43.Kd3 Rc3+
44.Kd2 Kc4 45.Rh1 Rf3 46.Ke2 Rf7 47.Rc1+ Kd5 48.Rb1 Rb7 49.Kd3 b4 50.Rh1 b3
51.Rh5+ Ke6 52.f4 b2 53.Rh6+ Kd5 54.Rh5+ Kd6 55.Rh6+ Kc5 56.Rh5+ Kb4 57.Kc2 Kc4
58.Kb1 d3 59.f5 d2  0-1

[Event "ACT Open"]
[Site "Amsterdam NED"]
[Date "2005.07.24"]
[Round "9"]
[White "Lyell,Ma"]
[Black "Van der Poel,H"]
[Result "0-1"]
[WhiteElo "2194"]
[BlackElo "2280"]

1.e4 c5 2.c3 Nf6 3.e5 Nd5 4.d4 cxd4 5.Nf3 e6 6.cxd4 d6 7.Bc4 Nc6 8.O-O Be7
9.Nbd2 O-O 10.Ne4 dxe5 11.dxe5 Qc7 12.Bxd5 Rd8 13.Bg5 exd5 14.Bxe7 Qxe7 15.Nc3 d4
16.Ne4 Bg4 17.h3 Bxf3 18.Qxf3 Qxe5 19.Ng3 Qd5 20.Qg4 Ne5 21.Qh4 Ng6 22.Qg4 d3
23.f4 d2 24.h4 h6 25.Nf5 Qc5+ 26.Kh1 Rd5 27.Ng3 h5 28.Qe2 Rad8 29.Rad1 Nxh4
30.Ne4 Qe7 31.Rf2 Nf5 32.Kg1 Re8 33.Nc3 Qxe2 34.Rxe2 Rxe2 35.Nxe2 Ne3  0-1

[Event "Open A"]
[Site "Pardubice CZE"]
[Date "2005.07.24"]
[Round "3"]
[White "Rykalin,A"]
[Black "Potapov,Alexa1"]
[Result "0-1"]
[WhiteElo "2315"]
[BlackElo "2530"]

1.e4 c5 2.c3 Nf6 3.e5 Nd5 4.d4 cxd4 5.cxd4 Nc6 6.Bc4 Nb6 7.Bb3 g6 8.Qf3 d5
9.Ne2 Bg7 10.Nbc3 e6 11.Qg3 a6 12.O-O Bd7 13.a3 Rc8 14.h4 f6 15.h5 fxe5 16.hxg6 exd4
17.gxh7 Qf6 18.Bc2 dxc3 19.Bg5 Qf7 20.Be3 Ne7 21.b3 d4 22.Bxd4 Bxd4 23.Nxd4 Qf6
24.Qd6 Nbd5 25.Nf3 Nf5 26.Bxf5 Qxf5 27.Rfe1 Qxh7  0-1

[Event "Open A"]
[Site "Pardubice CZE"]
[Date "2005.07.24"]
[Round "3"]
[White "Skytte,R"]
[Black "Vorobiov,E"]
[Result "1/2-1/2"]
[WhiteElo "2399"]
[BlackElo "2552"]

1.e4 c5 2.c3 Nf6 3.e5 Nd5 4.d4 cxd4 5.Nf3 Nc6 6.Bc4 Nb6 7.Bb3 d5 8.exd6 Qxd6
9.O-O Be6 10.Bxe6 Qxe6 11.Nxd4 Nxd4 12.Qxd4 Rd8 13.Qh4 Qe2 14.Bd2 h5 15.h3 Qc4
16.Qg3 h4 17.Qf3 Qd5 18.Qxd5 Rxd5 19.b3 e6 20.c4 Rd3 21.Be3 Bb4 22.a3 Be7
23.Nd2 O-O 24.Ra2 Rfd8 25.Re1 Kf8 26.Kf1 e5 27.f4 e4 28.f5 Nc8 29.Nxe4 Rxb3
30.f6  1/2-1/2

[Event "Open A"]
[Site "Pardubice CZE"]
[Date "2005.07.24"]
[Round "3"]
[White "Bataev,R"]
[Black "Koepke,C"]
[Result "1-0"]
[WhiteElo "2318"]
[BlackElo "2226"]

1.e4 c5 2.c3 Nf6 3.e5 Nd5 4.d4 cxd4 5.Nf3 Nc6 6.cxd4 d6 7.exd6 e6 8.Bd3 Qxd6
9.O-O Be7 10.a3 O-O 11.Bc2 Rd8 12.Qd3 Nf6 13.Rd1 b6 14.Bg5 g6 15.Nc3 Bb7
16.Bb3 Rac8 17.Qe2 Na5 18.Ba2 Bd5 19.Nxd5 exd5 20.Ne5 Bf8 21.Rac1 Nc6 22.Qa6 Bg7
23.h3 Ne7 24.Qxa7 Ra8 25.Qc7 h6 26.Qxd6 Rxd6 27.Bf4 Re6 28.Rc7 Re8 29.Bb3 Nh5
30.Bh2 g5 31.Ba4 Rd8 32.Bd7 Rxd7 33.Rxd7 Nf4 34.Bxf4 gxf4 35.Nf3 Bf6 36.Re1 Nf5
37.Rxd5 Rxe1+ 38.Nxe1 Nxd4 39.Rd6  1-0

[Event "Open A"]
[Site "Pardubice CZE"]
[Date "2005.07.25"]
[Round "4"]
[White "Burtasova,A"]
[Black "Vachtfeidl,P"]
[Result "1/2-1/2"]
[WhiteElo "2239"]
[BlackElo "2124"]

1.e4 c5 2.c3 Nf6 3.e5 Nd5 4.d4 cxd4 5.Nf3 e6 6.cxd4 b6 7.Bd3 Bb4+ 8.Bd2 Bxd2+
9.Nbxd2 Ba6 10.Ne4 O-O 11.Bxa6 Nxa6 12.O-O f6 13.exf6 Nxf6 14.Nxf6+ Qxf6
15.Ne5 Nb8 16.Qe2 d6 17.Nc4 Nc6 18.Nxd6 Nxd4 19.Qc4 Kh8 20.Ne4 Qe5 21.Rad1 Qxe4
22.Rxd4 Qf5 23.Re4 Rac8 24.Qe2 Rc6 25.Rd1 Rfc8 26.h3 Rc1 27.Rxc1 Rxc1+ 28.Kh2 Rc6
29.b4 h6 30.b5 Rc5 31.a4 e5 32.f3 Kh7 33.Qd2 Qf7 34.Qd3 Kh8 35.Qd6 Kh7 36.Qd3 Kh8
37.Rg4 Rd5 38.Qe4 Rc5 39.Kg3 Kg8 40.Qg6 Qxg6 41.Rxg6 Kf7 42.Rg4 Kf6 43.h4 h5
44.Rb4 Kf5 45.Kh3 Rc3 46.Kg3 Rc2 47.Re4 g6 48.Rb4  1/2-1/2

[Event "Open Dutch Championship"]
[Site "Dieren NED"]
[Date "2005.07.26"]
[Round "1"]
[White "Jonkman,H"]
[Black "Hilverda,A"]
[Result "1-0"]
[WhiteElo "2454"]
[BlackElo "2160"]

1.e4 c5 2.c3 Nf6 3.e5 Nd5 4.Nf3 Nc6 5.d4 cxd4 6.cxd4 d6 7.Bc4 Nb6 8.Bb3 dxe5
9.d5 Na5 10.Nc3 Nxb3 11.Qxb3 e6 12.Nxe5 exd5 13.Be3 Bd6 14.Qb5+ Kf8 15.O-O-O Be6
16.Nf3 Rc8 17.Kb1 Nc4 18.Ka1 a6 19.Qxb7 Rb8 20.Qc6 Rxb2 21.Bc5 Bxc5 22.Qxc5+ Qe7
23.Rxd5 Qxc5 24.Rxc5 Rc2 25.Ne4 Na3 26.Rxc2 Nxc2+ 27.Kb2 Nb4 28.Ka3 a5 29.Rc1 g6
30.Rc5 Kg7 31.Rxa5 Nxa2 32.Nfg5 Nc1 33.Nxe6+ fxe6 34.Ra7+ Kh6 35.h4 Nd3 36.Rf7 Ne5
37.Re7 Rb8 38.Nf6 g5 39.h5 Rh8 40.Rxe6 Ra8+ 41.Kb3 Rb8+ 42.Kc3 Kg7 43.Ne8+  1-0

[Event "Open A"]
[Site "Pardubice CZE"]
[Date "2005.07.26"]
[Round "5"]
[White "Skytte,R"]
[Black "Zakhartsov,V"]
[Result "1/2-1/2"]
[WhiteElo "2399"]
[BlackElo "2534"]

1.e4 c5 2.c3 Nf6 3.e5 Nd5 4.d4 cxd4 5.Nf3 e6 6.cxd4 b6 7.Bd3 Bb7 8.O-O d6
9.Nc3 Nxc3 10.bxc3 Qc7 11.Bf4 Nd7 12.Re1 dxe5 13.Nxe5 Nxe5 14.Bxe5 Bd6 15.Bb5+ Kf8
16.Qd2 Rd8 17.Bxg7+ Kxg7 18.Qg5+ Kf8 19.Qh6+ Kg8 20.Qg5+ Kf8 21.Qh6+  1/2-1/2

[Event "Open A"]
[Site "Pardubice CZE"]
[Date "2005.07.26"]
[Round "5"]
[White "Baeumler,I"]
[Black "Studnicka,T"]
[Result "0-1"]
[WhiteElo "2185"]
[BlackElo "2310"]

1.e4 c5 2.c3 Nf6 3.e5 Nd5 4.d4 cxd4 5.Nf3 Nc6 6.cxd4 d6 7.Bc4 Nb6 8.Bb3 dxe5
9.d5 Na5 10.Nc3 Nxb3 11.Qxb3 e6 12.Nxe5 exd5 13.Be3 Bd6 14.Qb5+ Bd7 15.Nxd7 Qxd7
16.Bxb6 axb6 17.Qxd7+ Kxd7 18.O-O-O Ra5 19.Rxd5 Rxd5 20.Nxd5 Kc6 21.Rd1 Re8
22.Nc3 h5 23.g3 Bc5 24.Rf1 b5 25.Kd2 b4 26.Nd1 Ra8 27.Re1 Rxa2 28.Re8 g6
29.Rc8+ Kd6 30.Kc2 b6 31.Rd8+ Ke6 32.Rd3 Ra1 33.h3 Ke5 34.Rf3 Ra7 35.Ne3 f5
36.h4 Rd7 37.Ng2 Ke4 38.Rf4+ Kd5 39.Rf3 Kc4 40.Nf4 Rd6 41.Kc1 Kd4 42.Nh3 Ke4
43.Ng5+ Kd4 44.Nh3 Kc4 45.Nf4 Rc6 46.Kd2 Bd4 47.Nd3 Rd6 48.Kc2 b3+ 49.Kc1 b5
50.Nf4 Be5 51.Ng2 Rd3 52.Ne1 Rxf3 53.Nxf3 Bf6 54.Ne1 Bd4 55.f4 Bf2 56.Nf3 Bxg3
57.Ne5+ Kd4 58.Nxg6 Kd3 59.Ne7 Bxf4+ 60.Kd1 Ke4 61.Nc6 Be5 62.Kc1 f4 63.Na5 f3
64.Nxb3 f2 65.Kc2 Ke3  0-1

[Event "WYb18"]
[Site "Belfort FRA"]
[Date "2005.07.27"]
[Round "9"]
[White "Ragger,M"]
[Black "Alsina Leal,D"]
[Result "0-1"]
[WhiteElo "2434"]
[BlackElo "2322"]

1.e4 c5 2.c3 Nf6 3.e5 Nd5 4.Nf3 e6 5.Bc4 d6 6.O-O Nc6 7.d4 cxd4 8.cxd4 Be7
9.exd6 Qxd6 10.Nc3 O-O 11.Qd3 a6 12.a3 b5 13.Bb3 Nxc3 14.bxc3 Bb7 15.Bc2 g6
16.Ng5 e5 17.Rd1 exd4 18.cxd4 Na5 19.Qh3 Bxg5 20.Bxg5 Rac8 21.Bd3 Nc4 22.Bf1 Rfe8
23.a4 b4 24.d5 Nb6 25.Rd4 Qe5 26.Qh4 Nxd5 27.Rad1 Rc5 28.h3 b3 29.R4d2 Ne7
30.Bf6 Nf5 31.Qb4 a5 32.Qb6 Rc6 33.Qxb7 Qxf6 34.Qxb3 Rce6 35.Qf3 Kg7 36.Kh2 Qe5+
37.g3 Rf6 38.Re2 Nd4 39.Rxd4 Qxd4 40.Qxf6+ Kxf6 41.Rxe8 Qxa4 42.Re3 Qc6 43.Bg2 Qb5
44.Be4 a4 45.Bc2 Kg7 46.Kg1 Qb2 47.Bxa4 Qa1+ 48.Kh2 Qxa4 49.h4 f5 50.Rf3 Kh6
51.Rf4 Qd1 52.Kg2 Kh5 53.Rb4 Qd5+ 54.Kg1 Qf3 55.Rf4 Qd1+ 56.Kh2 Qf1 57.Rf3 Kh6
58.Rf4 Kg7 59.Rf3 Kf6 60.Rf4 h6 61.g4 Ke5  0-1

[Event "Open A"]
[Site "Pardubice CZE"]
[Date "2005.07.28"]
[Round "7"]
[White "Weber,T"]
[Black "Sachdev,T"]
[Result "0-1"]
[WhiteElo "2235"]
[BlackElo "2343"]

1.e4 c5 2.c3 Nf6 3.e5 Nd5 4.d4 cxd4 5.Nf3 Nc6 6.cxd4 d6 7.Bc4 Nb6 8.Bb3 dxe5
9.d5 Na5 10.Nc3 f6 11.Be3 g6 12.O-O Bd7 13.Nd2 Bg7 14.Nde4 O-O 15.d6+ e6
16.Nc5 Nbc4 17.Nd5 exd5 18.Qxd5+ Kh8 19.Bxc4 Bc6 20.Qd3 Nxc4 21.Qxc4 Qxd6
22.Rfd1 Qe7 23.Rd2 Rfe8 24.Rad1 f5 25.Rd6 f4 26.Bc1 Rad8 27.Rxd8 Rxd8 28.Rxd8+ Qxd8
29.h3 Qd1+ 30.Kh2 Bd5 31.Qc3 e4 32.Qd2 Qxd2 33.Bxd2 g5 34.Bc1 Bd4  0-1

[Event "Open Dutch Championship"]
[Site "Dieren NED"]
[Date "2005.07.29"]
[Round "4"]
[White "Jonkman,H"]
[Black "Savchenko,S"]
[Result "1/2-1/2"]
[WhiteElo "2454"]
[BlackElo "2506"]

1.e4 c5 2.c3 Nf6 3.e5 Nd5 4.Nf3 d6 5.d4 cxd4 6.Qxd4 e6 7.exd6 Qxd6 8.Bd3 Nc6
9.Qe4 Nf6 10.Qe2 Qc7 11.Nbd2 b6 12.Nc4 Bb7 13.O-O Be7 14.Re1 O-O 15.Bg5 Rad8
16.Nce5 Nxe5 17.Nxe5 Bd5 18.a4 Qb7 19.f4 Qc7 20.Kh1 Bb7 21.a5 bxa5 22.Ra4 Rd5
23.Bc4 Rd6 24.f5 Ne4 25.Bf4 Qc5 26.Rf1 Rfd8 27.fxe6 fxe6 28.Nf3 Rd1 29.Nd4 Rxf1+
30.Qxf1 Kh8 31.Nxe6 Nf2+ 32.Kg1 Nh3+ 33.Kh1 Nf2+ 34.Kg1 Nh3+ 35.Kh1 Nf2+  1/2-1/2

[Event "Open Dutch Championship"]
[Site "Dieren NED"]
[Date "2005.07.29"]
[Round "4"]
[White "Megaranto,S"]
[Black "Senff,M"]
[Result "1/2-1/2"]
[WhiteElo "2499"]
[BlackElo "2467"]

1.e4 c5 2.c3 Nf6 3.e5 Nd5 4.Nf3 Nc6 5.d4 cxd4 6.Bc4 Nb6 7.Bb3 d5 8.exd6 Qxd6
9.cxd4 Be6 10.O-O Bxb3 11.Qxb3 e6 12.Nc3 Be7 13.Nb5 Qd8 14.Bf4 Rc8 15.Ne5 Nd5
16.Bg3 a6 17.Nxc6 Rxc6 18.Nc3 Nxc3 19.bxc3 b5 20.a4 O-O 21.axb5 axb5 22.Ra7 Bf6
23.Rb7 Qa5 24.Rxb5 Qxc3 25.Qxc3 Rxc3 26.d5 exd5 27.Rxd5 g6 28.Rd6 Kg7 29.Bf4 Re8
30.Be3 Rc4 31.Rfd1 h5 32.g3 Rec8 33.h4 R4c6 34.R6d5 Rb8 35.Kg2 Rb7 36.Kf3 Re6
37.Rc1 Ra6 38.Rc8 Kh7 39.Re8 Ba1 40.Red8 Bf6 41.Re8 Ba1 42.Rdd8 Bf6 43.Rc8 Ra3
44.Re4 Rd7 45.Kg2 Rad3 46.Rc6 R3d6 47.Rcc4 Rd3 48.Kf3 Bg7 49.Ke2 Rb3 50.Re8 Rb2+
51.Kf3 Rb3 52.Ke2 Rb2+  1/2-1/2

[Event "15th ETC Women"]
[Site "Gothenburg SWE"]
[Date "2005.07.31"]
[Round "2"]
[White "Sommer,S"]
[Black "Limontaite,S"]
[Result "0-1"]
[WhiteElo "2053"]
[BlackElo "2095"]

1.e4 c5 2.c3 Nf6 3.e5 Nd5 4.Nf3 d6 5.d4 cxd4 6.Bc4 Nb6 7.Bb3 Nc6 8.exd6 Qxd6
9.cxd4 Be6 10.O-O Bxb3 11.Qxb3 g6 12.Nc3 Bg7 13.Nb5 Qd8 14.d5 Na5 15.Qd3 Nac4
16.Re1 O-O 17.Nc3 Rc8 18.Qe4 Re8 19.Bg5 Nxb2 20.Nb5 Qxd5 21.Qxd5 Nxd5 22.Nxa7 Rc5
23.Rac1 Bc3 24.Re2 Ra5 25.Rxc3 Nxc3 26.Rxb2 Rxa7 27.Bd2 Nd5 28.Nd4 Rea8  0-1

[Event "15th ETC Women"]
[Site "Gothenburg SWE"]
[Date "2005.07.31"]
[Round "2"]
[White "Fridthjofsdottir,S"]
[Black "Jelica,M"]
[Result "0-1"]
[WhiteElo "1963"]
[BlackElo "2191"]

1.e4 c5 2.c3 Nf6 3.e5 Nd5 4.Bc4 Nb6 5.Bb3 e6 6.d4 cxd4 7.cxd4 d6 8.Nf3 Bd7
9.O-O Bc6 10.Nc3 Be7 11.Be3 N8d7 12.exd6 Bxd6 13.d5 exd5 14.Nxd5 Nf6 15.Bxb6 axb6
16.Re1+ Kf8 17.Nxf6 Qxf6 18.Bd5 g6 19.Qb3 Kg7 20.Bxc6 bxc6 21.a3 Bc5 22.Rad1 Rhd8
23.h3 Rxd1 24.Rxd1 Re8 25.Qc2 h5 26.b4 Bd6 27.Qd3 Rd8 28.Qc2 Ra8 29.Qd3 Bc7
30.Qb3 Bd6 31.Rc1 c5 32.bxc5 Bxc5 33.a4 Qf4 34.Rc4 Qf6 35.Rc1 Re8 36.Qc2 Rc8
37.Qb1 Qf4 38.Rd1 Qxa4 39.Qd3 Be7 40.Qd5 Rd8  0-1

[Event "Open Dutch Championship"]
[Site "Dieren NED"]
[Date "2005.08.01"]
[Round "6"]
[White "Jonkman,H"]
[Black "Halay,T"]
[Result "1/2-1/2"]
[WhiteElo "2454"]
[BlackElo "2320"]

1.e4 c5 2.c3 Nf6 3.e5 Nd5 4.Nf3 e6 5.d4 cxd4 6.cxd4 b6 7.Nc3 Nxc3 8.bxc3 Be7
9.Bf4 O-O 10.Bd3 Ba6 11.Be4 Nc6 12.h4 d5 13.Bb1 f5 14.exf6 Bxf6 15.Ng5 Bxg5
16.Bxg5 Qe8 17.Bd3 Bxd3 18.Qxd3 Qh5 19.Qe2 Qxe2+ 20.Kxe2 Na5 21.f3 Rac8 22.Kd3 Rc6
23.Bd2 Nc4 24.Rab1 Rfc8 25.Rb3 b5 26.Rxb5 Nxd2 27.Kxd2 Rxc3 28.Rb8 Rc2+ 29.Kd3 Rxb8
30.Kxc2 Rb4 31.Rd1 Kf7 32.Rd2 Kf6 33.Kd3 Ra4 34.Ke3 h5 35.g4 g6 36.Rc2 Ra3+
37.Kf4 hxg4 38.fxg4 Rd3 39.g5+ Ke7 40.Rc7+ Kd6 41.Rxa7 Rxd4+ 42.Kg3 Ke5 43.Rg7 Rd3+
44.Kg4 Rd4+ 45.Kg3 Rd3+  1/2-1/2

[Event "92nd ch-GBR"]
[Site "Douglas IOM"]
[Date "2005.08.01"]
[Round "1"]
[White "Cumbers,P"]
[Black "Sowray,P"]
[Result "0-1"]
[WhiteElo "2118"]
[BlackElo "2364"]

1.e4 c5 2.c3 Nf6 3.e5 Nd5 4.Nf3 e6 5.d4 cxd4 6.Qxd4 Nc6 7.Qe4 d6 8.Bb5 Bd7
9.exd6 Bxd6 10.O-O O-O 11.Rd1 Bc5 12.c4 Nf6 13.Qh4 Qc7 14.Bf4 e5 15.Bxc6 exf4
16.Bxd7 Nxd7 17.Nc3 Nf6 18.Nd5 Nxd5 19.cxd5 Rfe8 20.Rac1 Qd6 21.Qg4 Bb6 22.Rc2 Rad8
23.h4 h6 24.h5 Qf6 25.a3 Rd6 26.Rc8 Red8 27.Rxd8+ Rxd8 28.Rd2 Kh7 29.Nh4 Qe5
30.Qf5+ Qxf5 31.Nxf5 g6 32.Nh4 Kg7 33.Nf3 Kf6 34.Kf1 g5 35.Ke2 Kf5 36.Ne1 Kg4
37.b4 Kxh5 38.Nd3 Kg6 39.Nc5 Bxc5 40.bxc5 Kf6 41.a4 Ke5 42.d6 b6 43.cxb6 axb6
44.d7 h5 45.Rb2 Rxd7 46.Rxb6 Rd4 47.a5 Ra4 48.Rb5+ Kf6 49.f3 Ra2+ 50.Kf1 Kg6
51.Rb6+ f6 52.a6 g4 53.fxg4 hxg4 54.Rb4 Kg5 55.Rb5+ f5 56.Rb6 Kh4 57.Rb4 Kg3
58.Rb3+ f3 59.gxf3 gxf3 60.Ke1 Kg2  0-1

[Event "15th ETC Women"]
[Site "Gothenburg SWE"]
[Date "2005.08.01"]
[Round "3"]
[White "Sommer,S"]
[Black "Kaps,D"]
[Result "0-1"]
[WhiteElo "2053"]
[BlackElo "2319"]

1.e4 c5 2.c3 Nf6 3.e5 Nd5 4.Nf3 Nc6 5.d4 cxd4 6.Bc4 Nb6 7.Bb3 d6 8.exd6 Qxd6
9.O-O d3 10.Na3 Bf5 11.Nb5 Qd7 12.Nbd4 f6 13.Nxf5 Qxf5 14.Nh4 Qd7 15.Qh5+ Kd8
16.Ng6 hxg6 17.Qxh8 Kc7 18.Be3 e5 19.Qh7 Nd5 20.Bxd5 Qxd5 21.Qxg6 Ne7 22.Qh7 Rd8
23.f3 Kb8 24.Qe4 f5 25.Qxd5 Nxd5 26.Bf2 e4 27.fxe4 fxe4 28.c4 Nb4 29.Rad1 Nc2
30.Rfe1 Nxe1 31.Rxe1 Bb4 32.Rd1 Rc8 33.b3 Kc7 34.Be3 Rf8 35.g4 Rf3 36.Bxa7 b6  0-1